| 000 | 00630nam a2200241Ia 4500 | ||
|---|---|---|---|
| 001 | 9229 | ||
| 005 | 20240113234156.0 | ||
| 007 | ta | ||
| 008 | 170602s1961 ii a g b000 u 465 u | ||
| 040 | _aCotton College,Assam | ||
| 041 | _aeng | ||
| 082 |
_a824.85 _bAr 65 C |
||
| 100 | _aArnold, Matthew . | ||
| 245 | 0 |
_aCulture and Anarchy / _cMatthew Arnold. _hTextual Documents |
|
| 250 | _a1st ed / | ||
| 260 |
_aLondon : _bCambridge University Press , _c1961. |
||
| 300 |
_axl, 241p. : _bill. ; _c18cm. . |
||
| 504 | _aBib. | ||
| 653 | _aEnglish-Essay | ||
| 942 |
_2ddc _cBK |
||
| 999 |
_c9216 _d9216 |
||